Score 0/14 Timer 03:00
3 Plays Today
Scramble Unscramble % Correct
OYT OSTRYToy Story
98.6%
TACCH EM FI OYU NACCatch Me If You Can
96.6%
TCSA WAAYCast Away
96.5%
OUYVE TOG LAIMYou've Got Mail
95.8%
TEH AD NCVII OEDCThe Da Vinci Code
95.5%
SETFRRO PMGUForrest Gump
95.4%
SLESSELEP NI ATELTSESleepless in Seattle
95.1%
Scramble Unscramble % Correct
Actor that was Featured in All Above:Tom Hanks
94%
LORECHAB TYARPBachelor Party
90.5%
HSLAPSSplash
88.9%
HLELADPPHAIIPhiladelphia
88.1%
SNGIVA TIEVAPR NAYRSaving Private Ryan
85.5%
NLGASE DAN SNODEMAngels and Demons
70.7%
GRADTENDragnet
37.3%

You're not logged in!

Compare scores with friends on all Sporcle quizzes.
OR
Log In

Sporcle TV

Today on Sporcle TV


Watch our educational content, quiz creation guides, and fun videos on Sporcle TV.

Show Comments

Extras

Top Quizzes Today


Score Distribution

Your Account Isn't Verified!

In order to create a playlist on Sporcle, you need to verify the email address you used during registration. Go to your Sporcle Settings to finish the process.

Report this User

Report this user for behavior that violates our Community Guidelines.

Details: